00822nam a22002297a 45000010005000000030006000050050017000110080041000280200018000690400029000870500009001160820010001251000015001352450048001502600032001983000048002305050007002785200230002855210028005155210019005436500030005625644FISKH20250109094710.0250109b cb ||||| |||| 00| 0 eng d a9788956354002 aFISKHbengcFISKHdFISKH aPZ7  a816.3 aAsjornsen  aBoots and his brothers / cAsjornsen & Moe  aSeoul : bE-future, c2009. a26 pages : bcolor illustrations ; c21 cm  aH  aThree fortune-seeking brothers encounter an old beggar woman who informs them that a rich reward awaits the first to cut down a certain giant oak tree, but the hidden key to this treasure lies in how they treat the old woman.8 a430 bLexile estimate 8 aH bRaz-Plus  aFolklore vFairy tales